Internet Resources In Teaching Written Academic Discourse To Technical Students; ICT for Language Learning

Dettagli Bibliografici
Parent link:ICT for Language Learning.— 2012.— [4 р.]
Autore principale: Sidorenko T. V. Tatiana Valerievna
Ente Autore: Национальный исследовательский Томский политехнический университет (ТПУ) Институт кибернетики (ИК) Кафедра иностранных языков института кибернетики (ИЯИК)
Altri autori: Rybushkina S. V. Svetlana Vladimirovna
Riassunto:Title screen
Teaching written academic discourse as a part of foreign language for specific purposes, though an important aspect of business and professional communication, remains the most problematic andunderstudied in language methodology. Written language often acts only as a means for achieving proficiency in oral communication aimed at a public performance where written discourse takes a formof notes to support the speaking activity. As a result of such approach, written language proficiency for nonlinguistic students often remains at the basic level.
Режим доступа: по договору с организацией-держателем ресурса
Lingua:inglese
Pubblicazione: 2012
Soggetti:
Accesso online:http://conference.pixel-online.net/ICT4LL2012/common/download/Paper_pdf/307-LSP12-FP-Sidorenko-ICT2012.pdf
Natura: MixedMaterials Elettronico Capitolo di libro
KOHA link:https://koha.lib.tpu.ru/cgi-bin/koha/opac-detail.pl?biblionumber=640603

MARC

LEADER 00000naa0a2200000 4500
001 640603
005 20250602162518.0
035 |a (RuTPU)RU\TPU\network\5163 
035 |a RU\TPU\network\5116 
090 |a 640603 
100 |a 20150421d2012 k y0engy50 ba 
101 0 |a eng 
102 |a IT 
135 |a drcn ---uucaa 
181 0 |a i  
182 0 |a b 
200 1 |a Internet Resources In Teaching Written Academic Discourse To Technical Students  |f T. V. Sidorenko, S. V. Rybushkina 
203 |a Text  |c electronic 
300 |a Title screen 
320 |a [References: 7 tit.] 
330 |a Teaching written academic discourse as a part of foreign language for specific purposes, though an important aspect of business and professional communication, remains the most problematic andunderstudied in language methodology. Written language often acts only as a means for achieving proficiency in oral communication aimed at a public performance where written discourse takes a formof notes to support the speaking activity. As a result of such approach, written language proficiency for nonlinguistic students often remains at the basic level. 
333 |a Режим доступа: по договору с организацией-держателем ресурса 
463 |t ICT for Language Learning  |o Proceedings of 5th International Conference, Florence, Italy, 15 - 16 November 2012  |v [4 р.]  |d 2012 
610 1 |a электронный ресурс 
610 1 |a труды учёных ТПУ 
700 1 |a Sidorenko  |b T. V.  |c linguist  |c Associate Professor of Tomsk Polytechnic University, Candidate of pedagogical sciences  |f 1976-  |g Tatiana Valerievna  |3 (RuTPU)RU\TPU\pers\31687  |9 15818 
701 1 |a Rybushkina  |b S. V.  |c linguist  |c Leading expert of Tomsk Polytechnic University, Lecturer  |f 1978-  |g Svetlana Vladimirovna  |3 (RuTPU)RU\TPU\pers\33436 
712 0 2 |a Национальный исследовательский Томский политехнический университет (ТПУ)  |b Институт кибернетики (ИК)  |b Кафедра иностранных языков института кибернетики (ИЯИК)  |3 (RuTPU)RU\TPU\col\18707 
801 2 |a RU  |b 63413507  |c 20150421  |g RCR 
850 |a 63413507 
856 4 |u http://conference.pixel-online.net/ICT4LL2012/common/download/Paper_pdf/307-LSP12-FP-Sidorenko-ICT2012.pdf 
942 |c CF